[Event "Chigorin Mem Rapid"]
[Site "St Petersburg RUS"]
[Date "2012.10.25"]
[Round "1.2"]
[White "Ageichenko,G"]
[Black "Alekseev,Evgeny"]
[Result "1/2-1/2"]
[WhiteElo "2301"]
[BlackElo "2683"]

1.e4 c5 2.Nc3 Nc6 3.Nf3 d6 4.d4 cxd4 5.Nxd4 Nf6 6.Bg5 e6 7.Qd2 a6 8.O-O-O Bd7
9.Kb1 b5 10.f3 Be7 11.h4 Rc8 12.Nxc6 Bxc6 13.Bd3 Bb7 14.Qf2 Nd7 15.Bxe7 Qxe7
16.h5 h6 17.Ne2 O-O 18.Nd4 d5 19.Rhe1 Qf6 20.f4 Ne5 21.exd5 Nxd3 22.Rxd3 Bxd5
23.g4 Rc4 24.Qe3 Qh4 25.b3 Rc7 26.Qg3 Qxg3 27.Rxg3 Rfc8 28.Kb2 b4 29.a3 Rc3
30.Ree3 Rxe3 31.Rxe3 a5 32.f5 Re8 33.fxe6 fxe6 34.axb4 axb4 35.Nf3 Kf7 36.Ne5+ Kf6
37.Nd3 Rb8 38.Nf4 Rb5 39.Nxd5+ exd5 40.Rd3 Ke5 41.Rf3 Rb7 42.Kc1 Ke4 43.Rf5 Rb6
44.Rf7 g6 45.Rg7 g5 46.Rg6 Rb8 47.Rxh6 Kf4 48.Rd6 Kxg4 49.h6 Kh5 50.Kd2 Re8
51.Rxd5 Kxh6 52.c3 bxc3+ 53.Kxc3 g4 54.b4 g3 55.b5 Re1 56.Rd2 Kg5 57.Rb2 Kf4
58.b6 Re8 59.Kc4 Kf3 60.Kc5 g2  1/2-1/2

[Event "Chigorin Mem Rapid"]
[Site "St Petersburg RUS"]
[Date "2012.10.25"]
[Round "2.4"]
[White "Iordachescu,V"]
[Black "Golovin,Leo"]
[Result "0-1"]
[WhiteElo "2637"]
[BlackElo "2475"]

1.e4 c5 2.Nc3 Nc6 3.Bb5 d6 4.Bxc6+ bxc6 5.d3 g6 6.f4 Bg7 7.Nf3 Nf6 8.O-O O-O
9.Qe1 Ne8 10.f5 gxf5 11.Qh4 f6 12.Kh1 e5 13.Bd2 Be6 14.Ne2 fxe4 15.dxe4 f5
16.Qh3 Bc4 17.exf5 Bxe2 18.Ng5 Nf6 19.Ne6 Qe7 20.Rf2 Bc4 21.Nxg7 Kxg7 22.Qh4 Bg8
23.Rf3 Kh8 24.Raf1 Bd5 25.Rg3 Rf7 26.c4 Ne4 27.f6 Rxf6 28.Rxf6 Qxf6 29.Qxf6+ Nxf6
30.Bh6 Ne4 31.Rg7 Bxc4 32.b3 Bd5 33.h3 Rg8  0-1

[Event "4th Marcel Duchamp Premier"]
[Site "Buenos Aires ARG"]
[Date "2012.10.26"]
[Round "4"]
[White "Villalba,M"]
[Black "Zuriel,M"]
[Result "0-1"]
[WhiteElo "2227"]
[BlackElo "2217"]

1.e4 c5 2.Nf3 Nc6 3.Nc3 d6 4.d4 cxd4 5.Nxd4 Nf6 6.Be2 e6 7.O-O Be7 8.Be3 O-O
9.f4 a6 10.Qe1 Qc7 11.Kh1 Bd7 12.Qg3 b5 13.a3 Nxd4 14.Bxd4 Bc6 15.Rae1 Rad8
16.Bd3 Qb7 17.Nd1 g6 18.Nf2 Nh5 19.Qe3 f6 20.g3 e5 21.Bc3 f5 22.fxe5 fxe4
23.Be2 Ng7 24.exd6 Nf5 25.Ng4 Rxd6 26.Rxf5 Rxf5 27.Nh6+ Kf8 28.Nxf5 gxf5
29.Rf1 Qc8 30.Bg4 Bd7 31.Be5 Rg6 32.Bh3 Qxc2 33.Bxf5 Bxf5 34.Rxf5+ Ke8 35.Rf2 Qd1+
36.Kg2 Qd5 37.Qc3 e3+ 38.Rf3 Re6 39.Qc8+ Bd8 40.Bc7 e2 41.Bxd8 e1=N+ 42.Kh3 Nxf3
43.Bh4+ Kf7 44.Qc7+ Kg6 45.Qc8 Ng1+  0-1

[Event "16th Unive Open"]
[Site "Hoogeveen NED"]
[Date "2012.10.26"]
[Round "8"]
[White "Klapwijk,Bram"]
[Black "Van der Lende,Nathalie"]
[Result "1-0"]
[WhiteElo "2039"]
[BlackElo "1968"]

1.e4 c5 2.Nc3 Nc6 3.Bb5 g6 4.Bxc6 bxc6 5.d3 e6 6.e5 Bg7 7.Nf3 Ne7 8.Ne4 O-O
9.Bg5 Qa5+ 10.b4 Qd8 11.bxc5 Qa5+ 12.Kf1 Nd5 13.c4 Nb4 14.a3 Na6 15.Be7 Re8
16.Nf6+ Bxf6 17.Bxf6 Qxc5 18.Qd2 Qf8 19.h4 Nc5 20.h5 Nb3 21.Qg5 h6 22.hxg6  1-0

[Event "Chigorin Mem Rapid"]
[Site "St Petersburg RUS"]
[Date "2012.10.26"]
[Round "9.5"]
[White "Vocaturo,D"]
[Black "Timofeev,Arty"]
[Result "1-0"]
[WhiteElo "2534"]
[BlackElo "2631"]

1.e4 c5 2.Nc3 Nc6 3.Bb5 Nd4 4.Bc4 e6 5.Nge2 Ne7 6.Nxd4 cxd4 7.Ne2 Nc6 8.O-O Bc5
9.d3 O-O 10.a3 f5 11.b4 Bb6 12.Bf4 Qe7 13.Qd2 Kh8 14.exf5 Rxf5 15.Ng3 Rf8
16.Rfe1 d6 17.Re4 Bd7 18.Rae1 e5 19.Bg5 Qe8 20.Qe2 Qg6 21.h4 Rae8 22.Bd2 h6
23.h5 Qf6 24.Bb3 Qd8 25.Rf1 a6 26.Qe1 Rf6 27.f4 Ref8 28.fxe5 Nxe5 29.Rxf6 Rxf6
30.Rf4 Rxf4 31.Bxf4 Qf6 32.Bd2 Ng4 33.Ne4 Qe5 34.Qg3 Qxg3 35.Nxg3 Nf6 36.Bf4 Bc7
37.Bf7 Ba4 38.Bb3 Bxb3 39.cxb3 Nd5 40.Bd2 Nf6 41.Bf4 Nd5 42.Ne2 Kg8 43.Kf2 Kf7
44.Kf3 b5 45.Nxd4 Bb6 46.Nf5 Kf6 47.g4 Nxf4 48.Kxf4 d5 49.Kf3 Bc7 50.a4 Be5
51.axb5 axb5 52.d4 Bc7 53.Ne3 Ke6 54.Nf5 Kf6 55.Ne3 Ke6 56.Nc2 Kd6 57.g5 hxg5
58.Kg4 Bd8 59.Kf5 Kc6 60.Ne1 Be7 61.Nd3 Kd6 62.Ne5 Kc7 63.Nf3 g4 64.Kxg4 Bxb4
65.Kf5 Kb6 66.Kg6 Ba3 67.Kxg7 Bc1 68.b4  1-0

[Event "Vizag GM Open 2012"]
[Site "Visakhapatnam IND"]
[Date "2012.10.26"]
[Round "1.17"]
[White "Harutjunyan,G"]
[Black "M Tulasi Ram,Kumar"]
[Result "1-0"]
[WhiteElo "2446"]
[BlackElo "1732"]

1.e4 c5 2.Nc3 Nc6 3.Bb5 e6 4.Nf3 Nf6 5.O-O Be7 6.e5 Ng8 7.Bxc6 dxc6 8.d3 f5
9.exf6 Nxf6 10.Re1 h6 11.Ne5 O-O 12.Qe2 Bd6 13.Bf4 Nd5 14.Bg3 Nxc3 15.bxc3 Qc7
16.Qe4 Rf5 17.Re3 Bxe5 18.Bxe5 Qe7 19.Rae1 Bd7 20.Rg3 Rg5 21.Rxg5 Qxg5 22.Re3 Rf8
23.Bxg7 Rf4 24.Qe5 Qxe5 25.Bxe5 Ra4 26.Rg3+ Kf7 27.Rg7+ Ke8 28.g4 Rxa2 29.h4 Rxc2
30.g5 hxg5 31.h5 Re2 32.h6 Rxe5 33.h7  1-0

[Event "Vizag GM Open 2012"]
[Site "Visakhapatnam IND"]
[Date "2012.10.26"]
[Round "1.15"]
[White "Iuldachev,S"]
[Black "Trinadh,V"]
[Result "1-0"]
[WhiteElo "2458"]
[BlackElo "1766"]

1.e4 c5 2.Nc3 Nc6 3.Nf3 d6 4.d4 cxd4 5.Nxd4 Nf6 6.Be2 g6 7.O-O Bg7 8.Nb3 O-O
9.Re1 Bd7 10.Bf1 Rc8 11.Nd5 Re8 12.c3 Ne5 13.a4 Bg4 14.f3 Nxd5 15.exd5 Bd7
16.a5 Nc4 17.Re4 Bb5 18.Nd4 a6 19.Nxb5 axb5 20.Kh1 Bf6 21.Ra2 Ra8 22.b3 Nb6
23.Bxb5 Rf8 24.c4 Nc8 25.b4 b6 26.Bc6 Ra7 27.a6 e6 28.dxe6 fxe6 29.Rxe6  1-0

[Event "Danilo Batricevic Mem Balkan GP"]
[Site "Cetinje MNE"]
[Date "2012.10.27"]
[Round "9.7"]
[White "Stojanovic,Da"]
[Black "Nikac,P"]
[Result "1-0"]
[WhiteElo "2488"]
[BlackElo "2336"]

1.e4 c5 2.Nc3 Nc6 3.Bb5 g6 4.Bxc6 bxc6 5.d3 Bg7 6.f4 d6 7.Nf3 Rb8 8.O-O Nf6
9.Qe1 O-O 10.b3 Nh5 11.Rb1 f5 12.e5 Rb4 13.Ne2 Be6 14.Bd2 Rb7 15.Ng5 Qd7
16.Bc3 h6 17.Nf3 Bd5 18.Qf2 Bxf3 19.Qxf3 dxe5 20.fxe5 f4 21.Qe4 g5 22.Qg6 Qg4
23.Rf3 e6 24.h3 Qh4 25.Be1 Ng3 26.Bxg3 fxg3 27.Qxe6+ Kh8 28.Rxf8+ Bxf8 29.Qe8  1-0

[Event "Vizag GM Open 2012"]
[Site "Visakhapatnam IND"]
[Date "2012.10.27"]
[Round "2.14"]
[White "Petrosian,DG"]
[Black "Joshi,GB"]
[Result "0-1"]
[WhiteElo "2459"]
[BlackElo "2226"]

1.e4 c5 2.Nf3 Nc6 3.Nc3 g6 4.d4 cxd4 5.Nxd4 Bg7 6.Be3 Nf6 7.Bc4 Qa5 8.O-O O-O
9.Bb3 d6 10.h3 Bd7 11.Re1 Rfe8 12.Qd3 Rac8 13.f4 Nxd4 14.Bxd4 Nh5 15.Bxg7 Kxg7
16.Qf3 Bc6 17.Rad1 Qc5+ 18.Kh2 b5 19.g4 Nf6 20.Nd5 a5 21.g5 Nxd5 22.exd5 Bd7
23.c3 a4 24.Bc2 a3 25.f5 axb2 26.f6+ exf6 27.gxf6+ Kh8 28.Bxg6 Rxe1 29.Rxe1 hxg6
30.Qf4 Kg8 31.Rf1 Qxc3 32.Qh6 Qe5+ 33.Kg1 Qd4+  0-1

[Event "Vizag GM Open 2012"]
[Site "Visakhapatnam IND"]
[Date "2012.10.27"]
[Round "3.10"]
[White "Harutjunyan,G"]
[Black "Rahman,Tai"]
[Result "1/2-1/2"]
[WhiteElo "2446"]
[BlackElo "2324"]

1.e4 c5 2.Nc3 Nc6 3.Bb5 Nd4 4.Bc4 e6 5.Nge2 Nf6 6.O-O b5 7.Nxb5 Nxb5 8.Bxb5 Nxe4
9.d4 Be7 10.Qd3 Bb7 11.Be3 a6 12.Ba4 cxd4 13.Bxd4 O-O 14.b4 Qc7 15.c3 Bc6
16.Bxc6 Qxc6 17.f3 Nf6 18.a4 d5 19.b5 axb5 20.axb5 Qb7 21.c4 dxc4 22.Qxc4 Rac8
23.Qb3 Bc5  1/2-1/2

[Event "Chigorin Memorial"]
[Site "St Petersburg RUS"]
[Date "2012.10.28"]
[Round "2.93"]
[White "Kashtanov,R"]
[Black "Chernov,Maksim"]
[Result "1-0"]
[WhiteElo "2356"]
[BlackElo "1895"]

1.e4 c5 2.Nc3 Nc6 3.Nge2 Nf6 4.d4 cxd4 5.Nxd4 d6 6.f4 Qc7 7.Be3 e6 8.Qf3 Be7
9.O-O-O Nxd4 10.Bxd4 Bd7 11.g4 e5 12.fxe5 dxe5 13.Qg3 Bd6 14.Nb5 Bxb5 15.Bxb5+ Ke7
16.Be3 Rhd8 17.Qf3 Rac8 18.Bd3 Bb4 19.Kb1 Qa5 20.Rhf1 Rf8 21.Qf5 h6 22.Bxh6 gxh6
23.Qxf6+ Ke8 24.Rf5 Rc5 25.Bc4 Qc7 26.Bxf7+ Rxf7 27.Rd8+  1-0

[Event "Chigorin Memorial"]
[Site "St Petersburg RUS"]
[Date "2012.10.28"]
[Round "2.84"]
[White "Rjanova,V"]
[Black "Solak,D"]
[Result "0-1"]
[WhiteElo "2206"]
[BlackElo "2590"]

1.e4 c5 2.Nc3 Nc6 3.Bb5 Nd4 4.Bc4 a6 5.a4 g6 6.Nf3 Bg7 7.Nxd4 cxd4 8.Qf3 e6
9.Ne2 Ne7 10.c3 Nc6 11.cxd4 Nxd4 12.Nxd4 Bxd4 13.O-O O-O 14.a5 b5 15.axb6 Bb7
16.Ra3 f5 17.Qd3 Qxb6 18.exf5 Qc6 19.Qf3 Qxf3 20.gxf3 Rxf5 21.Be2 Raf8 22.Kg2 Rg5+
23.Kh1 Rgf5 24.Kg2 Rg5+ 25.Kh1 Re5 26.Re3 Bxe3 27.fxe3 Rc5 28.b3 Bxf3+ 29.Bxf3 Rxf3
30.Rxf3 Rxc1+ 31.Kg2 Rc2 32.Rf2 Rb2 33.Kf3 Rxb3 34.Ke4 Rb5 35.d4 a5 36.Kd3 Rb3+
37.Ke4 a4 38.Ra2 a3 39.Ke5 Rxe3+ 40.Kd6 Rd3 41.Kxd7 Rxd4+ 42.Kxe6 Ra4 43.Kf6 Ra6+
44.Kg5 Kg7 45.Kg4 Ra4+ 46.Kg3 Kf6 47.Kf3 Kf5 48.Ke3 Kg4 49.Rg2+ Kh3 50.Ra2 g5  0-1

[Event "e2e4 Basingstoke Int Open"]
[Site "Basingstoke ENG"]
[Date "2012.10.29"]
[Round "4.3"]
[White "Brown,R"]
[Black "Hawkins,Jo"]
[Result "1/2-1/2"]
[WhiteElo "2165"]
[BlackElo "2511"]

1.e4 c5 2.Nc3 Nc6 3.Bb5 Nd4 4.Bc4 e6 5.Nge2 Nf6 6.d3 a6 7.Nxd4 cxd4 8.Ne2 Bc5
9.Bg5 d6 10.O-O h6 11.Bxf6 Qxf6 12.f4 O-O 13.Qe1 Bd7 14.b4 Ba7 15.f5 Qg5
16.h4 Qe3+ 17.Kh1 h5 18.Rf3 Qh6 19.Qg3 exf5 20.Raf1 Rae8  1/2-1/2

[Event "4th Marcel Duchamp Premier"]
[Site "Buenos Aires ARG"]
[Date "2012.10.29"]
[Round "7"]
[White "Leon,Ju"]
[Black "Fernandez,Maria"]
[Result "1-0"]
[WhiteElo "2265"]
[BlackElo "2138"]

1.e4 c5 2.Nc3 Nc6 3.Bb5 Nd4 4.Nf3 Nxb5 5.Nxb5 a6 6.Nc3 b5 7.d4 cxd4 8.Qxd4 d6
9.Bg5 Be6 10.O-O-O Qc7 11.e5 dxe5 12.Nxe5 Nf6 13.Bf4 Qb7 14.g4 h6 15.Rhe1 g5
16.Ng6 fxg6 17.Rxe6 Kf7 18.Rb6 Qf3 19.Rxf6+ exf6 20.Qd7+ Kg8 21.Qe6+ Kh7
22.Rd7+ Bg7 23.Nd5 Rhf8 24.Qe7 Rg8 25.Nxf6+ Kh8 26.Be5 Qxf2 27.Bc3 Qf1+ 28.Rd1 Qf4+
29.Kb1 Qf3 30.Qd6 Rgc8 31.Be5 Qc6 32.c4 Qxd6 33.Rxd6 Ra7 34.Bd4 Rf7 35.c5 Bxf6
36.Bxf6+ Kg8 37.Bd4 Kh7 38.b4 h5 39.gxh5 gxh5 40.Be3 Rf5 41.Kc2 g4 42.Kd3 Kg7
43.Ke4 Rf1 44.Bd4+ Kf7 45.Kd5 h4 46.Rd7+ Ke8 47.Rh7 g3 48.hxg3 hxg3 49.Rg7 Rd8+
50.Ke4 Re1+ 51.Be3 Rb1 52.a3 Rb3 53.c6 g2 54.Rxg2 Rc3 55.Rg8+ Kf7 56.Rxd8 Rxc6
57.Bc5 Ke6 58.Rh8 Kd7 59.Kd5 Rg6 60.Rh7+ Kc8 61.Bd6  1-0

[Event "5th Douglas Martinez"]
[Site "Guarenas VEN"]
[Date "2012.10.29"]
[Round "8.8"]
[White "Gascon,Jose Rafael"]
[Black "Ynojosa,F"]
[Result "1-0"]
[WhiteElo "2206"]
[BlackElo "2356"]

1.e4 c5 2.Nf3 Nc6 3.Nc3 d6 4.d4 cxd4 5.Nxd4 e5 6.Nde2 Nf6 7.g3 a6 8.Bg2 Be7
9.h3 O-O 10.g4 Nd7 11.Ng3 Nc5 12.Nf5 Re8 13.Be3 Bf8 14.Qd2 Be6 15.Rd1 Bxf5
16.exf5 Qb6 17.Nd5 Qxb2 18.Nc7 e4 19.Nxa8 Rxa8 20.O-O Qxa2 21.Bxc5 dxc5 22.Bxe4 Qa4
23.Rfe1 g6 24.Qd7 Qb5 25.c4 Qb2 26.Rb1 Ne5 27.Qxb7 Qc3 28.Qxa8 Qxh3 29.Bg2 Qc3
30.fxg6  1-0

[Event "e2e4 Basingstoke Int Open"]
[Site "Basingstoke ENG"]
[Date "2012.10.30"]
[Round "7.8"]
[White "Player,E"]
[Black "Holland,J"]
[Result "1/2-1/2"]
[WhiteElo "2215"]
[BlackElo "2251"]

1.e4 c5 2.Nc3 Nc6 3.Bb5 Nd4 4.Bc4 Nf6 5.Nge2 a6 6.a4 e6 7.O-O d5 8.exd5 exd5
9.Ba2 Bg4 10.h3 Nxe2+ 11.Nxe2 Be6 12.Re1 Bd6 13.d4 O-O 14.Nf4 c4 15.Nxe6 fxe6
16.c3 Ne4 17.Rxe4 dxe4 18.Bxc4 Qf6 19.Be3 Rac8 20.Bb3 Kh8 21.Bc2 Bf4 22.Bxf4 Qxf4
23.Qe2 e5 24.d5 Rf6 25.Bxe4 Rcf8 26.f3 Rh6 27.Rd1 Qg5 28.Qd2 Qd8 29.Qe3 Qd6
30.Rd3  1/2-1/2

[Event "Chigorin Memorial"]
[Site "St Petersburg RUS"]
[Date "2012.10.30"]
[Round "4.15"]
[White "Stukopin,A"]
[Black "Timofeev,Arty"]
[Result "1/2-1/2"]
[WhiteElo "2494"]
[BlackElo "2631"]

1.e4 c5 2.Nf3 Nc6 3.Nc3 e5 4.Bc4 d6 5.d3 Be7 6.Nd2 Nf6 7.Nf1 Bg4 8.f3 Be6
9.Ne3 O-O 10.Ned5 Nd4 11.Nxe7+ Qxe7 12.Bg5 Bxc4 13.dxc4 Qe6 14.Bxf6 Qxf6
15.O-O Qg5 16.Rf2 a6 17.Nd5 f5 18.c3 Ne6 19.exf5 Rxf5 20.Qd2 Nf4 21.Nxf4 exf4
22.Qxd6 Re8 23.Qd7 Re7 24.Qd8+ Kf7 25.Rd2 Rfe5 26.Rf1 h6 27.a4 Re2 28.Rxe2 Rxe2
29.Qxg5 hxg5 30.Rf2 Re1+ 31.Rf1 Re2 32.Rf2 Re1+ 33.Rf1 Re2  1/2-1/2

[Event "Vizag GM Open 2012"]
[Site "Visakhapatnam IND"]
[Date "2012.10.30"]
[Round "7.13"]
[White "Iuldachev,S"]
[Black "Rahman,Tai"]
[Result "1/2-1/2"]
[WhiteElo "2458"]
[BlackElo "2324"]

1.e4 c5 2.Nc3 Nc6 3.Bb5 Nd4 4.Bc4 e6 5.Nge2 Nf6 6.O-O b5 7.Nxd4 bxc4 8.Nf3 d5
9.exd5 exd5 10.Re1+ Be7 11.Ne5 Bb7 12.d4 cxd3 13.cxd3 O-O 14.d4 Re8 15.Be3 Ne4
16.Qh5 g6 17.Qh3 Bf6 18.f4 Bg7 19.Rad1 Nxc3 20.bxc3 c4 21.Qf3 f6 22.Rb1 Bc8
23.Ng4 Bf5 24.Rb5  1/2-1/2

[Event "Vizag GM Open 2012"]
[Site "Visakhapatnam IND"]
[Date "2012.10.30"]
[Round "7.12"]
[White "Tiwari,Ar"]
[Black "Ashwin,J"]
[Result "1/2-1/2"]
[WhiteElo "2227"]
[BlackElo "2480"]

1.e4 c5 2.Nc3 Nc6 3.Bb5 Nd4 4.Ba4 a6 5.d3 e6 6.Nf3 b5 7.Bb3 Nxb3 8.axb3 Bb7
9.Bg5 Be7 10.Bxe7 Nxe7 11.O-O f5 12.exf5 Nxf5 13.Ne4 Qc7 14.Qd2 O-O 15.Qa5 Qc6
16.c4 d6 17.Qd2 b4 18.Rae1 e5 19.h3 Qd7 20.Qg5 Rae8 21.Qg4 Re6 22.Nh4 Nd4
23.f4 exf4 24.Ng5 h5 25.Nxe6 hxg4 26.Nxf8 Kxf8 27.Rxf4+ Kg8 28.Ng6 Ne6 29.Rxg4 Kf7
30.Nh8+ Kg8 31.Ng6  1/2-1/2

[Event "39th ch-IND Premier w 2012"]
[Site "Jalgaon IND"]
[Date "2012.10.31"]
[Round "8.6"]
[White "Divyasri,C"]
[Black "Ramaswamy,A"]
[Result "1/2-1/2"]
[WhiteElo "2160"]
[BlackElo "2148"]

1.e4 c5 2.Nf3 Nc6 3.Nc3 d6 4.Bb5 Bd7 5.Bxc6 Bxc6 6.d4 cxd4 7.Qxd4 Nf6 8.Bg5 e6
9.Qd3 Be7 10.Nd4 Qa5 11.Bd2 Qc7 12.O-O-O a6 13.f4 b5 14.Nxc6 Qxc6 15.e5 dxe5
16.fxe5 Nd5 17.Nxd5 exd5 18.Ba5 Rc8 19.c3 Bd8 20.Bb4 a5 21.Bd6 b4 22.Qxd5 bxc3
23.Qxc6+ Rxc6 24.bxc3 Rxc3+ 25.Kb2 Rc6 26.Rhf1 Be7 27.Rd5 Bxd6 28.exd6 Kd7
29.Rxf7+ Ke6 30.Rff5 Rb8+ 31.Rb5 Rxb5+ 32.Rxb5 Rxd6 33.Kc3 Rd5 34.Rb2 Kd6  1/2-1/2

[Event "39th ch-IND Premier w 2012"]
[Site "Jalgaon IND"]
[Date "2012.11.01"]
[Round "9.8"]
[White "Priya,P"]
[Black "Kiran,M"]
[Result "1/2-1/2"]
[WhiteElo "2165"]
[BlackElo "2179"]

1.e4 c5 2.Nf3 Nc6 3.Nc3 d6 4.d4 cxd4 5.Nxd4 Nf6 6.Bg5 e6 7.Qd2 Be7 8.O-O-O Nxd4
9.Qxd4 O-O 10.Bc4 a6 11.Kb1 b5 12.Bb3 Bb7 13.f3 Rc8 14.a4 Bc6 15.Qa7 Ra8
16.Qd4 Rc8 17.Qa7 Ra8 18.Qd4 Rc8  1/2-1/2

[Event "TCh-NOR Eliteserien 2012-13"]
[Site "Haraldsheim NOR"]
[Date "2012.11.02"]
[Round "5"]
[White "Trygstad,K"]
[Black "Madland,K"]
[Result "1-0"]
[WhiteElo "2243"]
[BlackElo "2082"]

1.e4 c5 2.Nc3 Nc6 3.Bb5 g6 4.Bxc6 dxc6 5.f4 Bg7 6.Nf3 Nf6 7.O-O O-O 8.d3 Bg4
9.Qe1 Bxf3 10.Rxf3 c4 11.f5 cxd3 12.cxd3 Qd7 13.Qh4 Rad8 14.Bg5 Qd4+ 15.Kh1 Rd7
16.Raf1 Rfd8 17.Ne2 Qxb2 18.Nf4 Qe5 19.Rh3 Nh5 20.fxg6 hxg6 21.Nxh5 Rxd3
22.Rxd3 Rxd3 23.Nxg7 Kxg7 24.Bxe7 f5 25.exf5 Qxf5 26.Bf6+ Kf7 27.Qc4+ Qd5
28.Bd4+  1-0

[Event "39th ch-IND Premier w 2012"]
[Site "Jalgaon IND"]
[Date "2012.11.03"]
[Round "11.8"]
[White "Divyasri,C"]
[Black "Nimmy,A"]
[Result "1-0"]
[WhiteElo "2160"]
[BlackElo "2189"]

1.e4 c5 2.Nc3 Nc6 3.Nf3 d6 4.Bb5 Bd7 5.Bxc6 Bxc6 6.d4 cxd4 7.Qxd4 Nf6 8.Bg5 e6
9.Qd3 a6 10.Nd4 Rc8 11.O-O-O Be7 12.f4 O-O 13.h4 b5 14.Nxc6 Rxc6 15.e5 Ne8
16.Kb1 f6 17.Qh3 Qc8 18.exf6 Bxf6 19.Bxf6 Nxf6 20.Rhe1 d5 21.Ne2 Ne4 22.Nd4 Nf2
23.Nxc6 Qxc6 24.Qe3 Nxd1 25.Rxd1 a5 26.Re1 b4 27.g3 Re8 28.Qe5 Kf8 29.Kc1 a4
30.f5 b3 31.axb3 axb3 32.c3 Qa6 33.Kd2 Qa2 34.c4 Qa5+ 35.Qc3 Qxc3+ 36.Kxc3 Rc8
37.Rxe6 Rxc4+ 38.Kxb3 Rg4 39.Re3 Kf7 40.Ka3 Kf6 41.b4 Kxf5 42.b5 Rg6 43.Rb3 Rb6
44.Kb4 Ke4 45.Kc5 Rb8 46.Rb4+ Ke5 47.b6 Rc8+ 48.Kb5 d4 49.b7 Rb8 50.Kc6 d3
51.Kc7 Rf8 52.b8=Q Rxb8 53.Rxb8 Ke4 54.Kd6 d2 55.Rb1 Kf3 56.Ke5 Kxg3 57.Rd1 Kxh4
58.Rxd2 h5 59.Kf5 Kg3 60.Kg5 h4 61.Rd3+  1-0

[Event "TCh-NED Meesterklasse 2012-13"]
[Site "Netherland NED"]
[Date "2012.11.03"]
[Round "3.9"]
[White "Michielsen,J"]
[Black "Dek,L"]
[Result "1/2-1/2"]
[WhiteElo "2379"]
[BlackElo "2244"]

1.e4 c5 2.Nf3 Nc6 3.Nc3 Nf6 4.d4 cxd4 5.Nxd4 e5 6.Ndb5 d6 7.Bg5 a6 8.Na3 b5
9.Nd5 Be7 10.Bxf6 Bxf6 11.c3 Bg5 12.Nc2 O-O 13.a4 bxa4 14.Rxa4 a5 15.Bc4 Rb8
16.Ra2 Kh8 17.Nce3 Bxe3 18.Nxe3 Ne7 19.O-O f5 20.exf5 Bxf5 21.b3 Rf6 22.Nd5 Nxd5
23.Bxd5 Qc7 24.Qa1 Qb6 25.Rd1 Be6 26.Bxe6 Rxe6 27.Rb1 Rf8 28.b4 axb4 29.cxb4 e4
30.Re2 d5 31.Qa5 Qd4 32.b5 e3 33.fxe3 Rxe3 34.Rxe3 Qxe3+ 35.Kh1 d4 36.b6 Qe2
37.Qe1 d3 38.Kg1 Qxe1+ 39.Rxe1 Kg8 40.Re6 Rd8 41.Re1  1/2-1/2

[Event "Vizag GM Open 2012"]
[Site "Visakhapatnam IND"]
[Date "2012.11.03"]
[Round "11.11"]
[White "Iuldachev,S"]
[Black "Chandra,Akshat"]
[Result "1-0"]
[WhiteElo "2458"]
[BlackElo "2269"]

1.e4 c5 2.Nc3 Nc6 3.Bb5 Na5 4.Nf3 e6 5.O-O a6 6.Be2 Qc7 7.d4 cxd4 8.Nxd4 b5
9.Re1 Bb7 10.Bf3 d6 11.a4 bxa4 12.Nd5 exd5 13.exd5+ Be7 14.Rxa4 Nc4 15.Nc6 Nb6
16.Rb4 Kf8 17.Bf4 g5 18.Qd4 Bxc6 19.dxc6 gxf4 20.Qxh8 Bf6 21.Qxh7 Be5 22.h4 Ne7
23.h5 a5 24.Rxb6 Qxb6 25.Rxe5 dxe5 26.Qh8+ Ng8 27.h6 Qd8 28.Qg7+ Ke7 29.Qxe5+ Kf8
30.h7 Qh4  1-0

[Event "Subzonal 2.3 2012"]
[Site "Pamplona COL"]
[Date "2012.11.06"]
[Round "3.15"]
[White "Tovio,I"]
[Black "Bolivar,J"]
[Result "1-0"]
[WhiteElo "2281"]
[BlackElo "2101"]

1.e4 c5 2.Nc3 Nc6 3.Nge2 e5 4.Nd5 Nf6 5.Nec3 d6 6.Bc4 Be7 7.d3 O-O 8.O-O h6
9.f4 exf4 10.Bxf4 Nxd5 11.Nxd5 Bg5 12.Qh5 Bxf4 13.Rxf4 Qg5 14.Qe2 Ne5 15.Bb3 Ng6
16.Rf2 Bg4 17.Qe3 Qxe3 18.Nxe3 Be6 19.Nd5 Rac8 20.a4 Rfe8 21.a5 Ne5 22.Ba4 Bd7
23.Bxd7 Nxd7 24.a6 b6 25.Nc3 Rc6 26.Nb5 Ra8 27.c3 Kf8 28.Rd2 Ke7 29.d4 c4
30.Na3 Rb8 31.Nc2 b5 32.Nb4 Rcc8 33.Ra5 Kf8 34.Rf2 g6 35.Ra1 Kg7 36.Raf1 Rf8
37.Nd5 Rbc8 38.Rf4 Rc6 39.Nb4 Rb6 40.Ra1 Re8 41.Raf1 Rf8 42.R4f2 Rbb8 43.Ra1 Rb6
44.Re2 Re8 45.Kf2 Nf6 46.Kf3 Nd7 47.Ra5 Rc8 48.g4 f6 49.h4 Rbb8 50.Kg3 Rb6
51.Kf4 Rbb8 52.h5 Nf8 53.d5 Rc7 54.Nc6 Rb6 55.Nd4 Re7 56.hxg6 Nxg6+ 57.Kg3 Kh7
58.Rxb5 Rxb5 59.Nxb5 Rd7 60.Nd4 Ne5 61.Nf5 Rd8 62.Rh2 Nf7 63.Kf4 Rb8 64.Ke3 Rg8
65.Rg2 h5 66.Rh2 Rxg4 67.Rxh5+ Kg6 68.Rh2 Rg1 69.Kd4 Rg4 70.Ne3 Rg1 71.Nxc4 Ne5
72.Nxe5+ fxe5+ 73.Kc4 Ra1 74.Kb5 Re1 75.Kc6  1-0

[Event "Subzonal 2.3 2012"]
[Site "Pamplona COL"]
[Date "2012.11.06"]
[Round "4.31"]
[White "Barros,R2"]
[Black "Corredor,F"]
[Result "1-0"]
[WhiteElo "2217"]
[BlackElo "2039"]

1.e4 c5 2.Nf3 Nc6 3.Nc3 g6 4.d4 cxd4 5.Nxd4 Bg7 6.Be3 Nf6 7.Be2 d6 8.O-O Bd7
9.f4 O-O 10.Bf3 Nxd4 11.Bxd4 Bc6 12.Qd2 Qa5 13.Rad1 Rfc8 14.Kh1 Rc7 15.a3 Rcc8
16.b4 Qc7 17.b5 Be8 18.e5 Nh5 19.Nd5 Qd8 20.Bxh5 gxh5 21.exd6 Qxd6 22.Be5 Qc5
23.Rf3 Bxb5 24.Bxg7 Kxg7 25.Rg3+ Kh8 26.c4 Qxc4 27.Qb2+ f6 28.Nxf6 Qe2 29.Qa1 e5
30.Re1 Qc4 31.Qxe5 Qc7 32.Rg8+  1-0

[Event "TCh-ESP CECLUB Div Honor 2012"]
[Site "Leon ESP"]
[Date "2012.11.07"]
[Round "3.3"]
[White "Romero Holmes,A"]
[Black "Alvarez Marquez,J"]
[Result "1-0"]
[WhiteElo "2505"]
[BlackElo "2407"]

1.e4 c5 2.Nc3 Nc6 3.Bb5 g6 4.Bxc6 dxc6 5.d3 e5 6.f4 Qh4+ 7.g3 Qe7 8.fxe5 Bg7
9.Nf3 Bg4 10.Bf4 g5 11.Be3 Bxe5 12.O-O f6 13.Qd2 Bxf3 14.Rxf3 h5 15.Qf2 b6
16.d4 cxd4 17.Bxd4 O-O-O 18.Bxe5 Qxe5 19.Rf5 Qe6 20.e5 fxe5 21.Re1 h4 22.Rfxe5 Qg4
23.Re8 Qd7 24.Rxd8+ Qxd8 25.Qf5+ Kb7 26.Qf7+ Qc7 27.Qxc7+ Kxc7 28.Re8 Kd7
29.Ra8 hxg3 30.hxg3 Ke6 31.a4 g4 32.Kg2 Ke5 33.Ne2 a5 34.Rf8 Kd6 35.Nf4 Kc5
36.Rd8 Kc4 37.Ne6 c5 38.Nf4 Kb4 39.Ng6 Rh5 40.Rxg8 Rg5 41.Ne7 Rxg8 42.Nxg8 c4
43.Nf6 Kxa4 44.Nxg4 c3 45.bxc3 Kb5 46.Ne5 a4 47.Nd3  1-0

[Event "Subzonal 2.3 2012"]
[Site "Pamplona COL"]
[Date "2012.11.07"]
[Round "6.5"]
[White "Ruiz Aguilar,P"]
[Black "Cuartas,Ja"]
[Result "1/2-1/2"]
[WhiteElo "2339"]
[BlackElo "2517"]

1.e4 c5 2.Nf3 Nc6 3.Nc3 g6 4.d4 cxd4 5.Nxd4 Bg7 6.Be3 Nf6 7.Bc4 Qa5 8.O-O O-O
9.Bb3 d6 10.h3 Bd7 11.f4 Qh5 12.Qd2 b5 13.Bd5 b4 14.Bxc6 bxc3 15.bxc3 Rac8
16.Bxd7 Nxd7 17.e5 dxe5 18.Ne6 exf4 19.Bxa7 fxe6 20.Qxd7 Qd5 21.Rad1 Qxd7
22.Rxd7 Rf7 23.Re1 e5 24.a4 Rxc3 25.Bb8 Rxc2 26.Bxe5 Bxe5 27.Rxe5 Kf8 28.Re6 Ra2
29.Rd8+ Kg7 30.Rd7 Rxa4 31.Rexe7 Rxe7 32.Rxe7+ Kh6 33.h4 f3 34.gxf3 Rxh4
35.Kg2 Kg5 36.Kg3 Rh1 37.Re5+ Kf6 38.Ra5 h5 39.Ra6+ Kg5 40.f4+ Kf5 41.Ra5+ Kf6
42.Ra6+ Kg7 43.f5 gxf5 44.Kf4 h4 45.Kxf5 h3 46.Kg4 h2 47.Kg3  1/2-1/2

[Event "WY BU16 2012"]
[Site "Maribor SLO"]
[Date "2012.11.08"]
[Round "1.55"]
[White "Daskalov,D"]
[Black "Deary,Daniel"]
[Result "1-0"]
[WhiteElo "2106"]
[BlackElo "1602"]

1.e4 c5 2.Nc3 Nc6 3.Bb5 Nd4 4.Bc4 e6 5.Nge2 Ne7 6.Nxd4 cxd4 7.Ne2 Nc6 8.d3 g6
9.O-O Bg7 10.a3 O-O 11.Ba2 d5 12.exd5 exd5 13.Nf4 Be6 14.Re1 Qd6 15.Qf3 Ne5
16.Qg3 Rac8 17.Bd2 Rfe8 18.Bb3 Nc6 19.Nxd5 Rcd8 20.Qxd6 Rxd6 21.Nc7 Re7 22.Nxe6 fxe6
23.Bf4 Rd8 24.Bg5 Rde8 25.Bxe7 Rxe7 26.Rxe6  1-0

[Event "WY BU16 2012"]
[Site "Maribor SLO"]
[Date "2012.11.08"]
[Round "1.51"]
[White "Kaczmarek,Ale"]
[Black "Saraci,Nderim"]
[Result "1-0"]
[WhiteElo "2135"]
[BlackElo "1760"]

1.e4 c5 2.Nf3 Nc6 3.Nc3 g6 4.d4 cxd4 5.Nxd4 Bg7 6.Be3 d6 7.Bc4 Nf6 8.h3 O-O
9.Bb3 Bd7 10.O-O a6 11.a4 Rc8 12.f4 Qc7 13.Nf3 e6 14.e5 dxe5 15.fxe5 Nh5
16.a5 Nxa5 17.Rxa5 Qxa5 18.Qxd7 Ng3 19.Re1 b5 20.Bf2 Rfd8 21.Qb7 Ra8 22.Qb6 Qxb6
23.Bxb6 Rdb8 24.Ba5 b4 25.Na2 Bf8 26.Kh2 Rb5 27.Bc7 Nf5 28.g4 Ne7 29.Nd4 Rb7
30.Bd6 a5 31.Ba4 Rc8 32.Nc1 Nd5 33.Nd3 Rb6 34.Nb5 Rxb5 35.Bxb5 Rxc2+ 36.Kg3 Bh6
37.Kf3 Bg5 38.Ra1 Bd8 39.Rc1 Ne3 40.Rxc2 Nxc2 41.Ke4 Bb6 42.Bc5 Bd8 43.Bd4 Na1
44.Nc1 Bg5 45.Be3 f5+ 46.gxf5 exf5+ 47.Kf3 Bxe3 48.Kxe3 Kf7 49.Nb3 Nxb3  1-0

[Event "WY BU18 2012"]
[Site "Maribor SLO"]
[Date "2012.11.08"]
[Round "1.22"]
[White "Sochacki,C"]
[Black "Alarcon Careaga,Gustavo"]
[Result "0-1"]
[WhiteElo "2402"]
[BlackElo "2072"]

1.e4 c5 2.Nc3 Nc6 3.Nge2 g6 4.d4 cxd4 5.Nxd4 Bg7 6.Be3 Nf6 7.Bc4 O-O 8.Bb3 Qa5
9.O-O d6 10.h3 Qh5 11.Nf3 Bd7 12.Re1 h6 13.Ne2 g5 14.Ng3 Qg6 15.c3 Rfd8 16.e5 dxe5
17.Nxe5 Nxe5 18.Bd4 Nd3 19.Rxe7 Be6 20.Bc2 Bc4 21.Rc7 Ba6 22.Qf3 Nd5 23.Nf5 Bxd4
24.cxd4 Qf6 25.Rc3 Nxc3 26.bxc3 Nf4 27.g3 Be2 28.Qxb7 Nxh3+ 29.Kg2 g4 30.d5 Bf3+
31.Kh2 Bxd5 32.Qb4 h5 33.Re1 Re8 34.c4 Rxe1 35.Qxe1 Ng5 36.Qe7 Nf3+ 37.Kg2 Nd4+
38.cxd5 Qxe7 39.Nxe7+ Kf8 40.Be4 Rd8 41.Nc6 Nxc6 42.dxc6 Ke7 43.Kf1 Rd2 44.Ke1 Rxa2
45.c7 Kd7 46.Bd5 Ra5 47.Bxf7 Kxc7 48.Ke2 Re5+ 49.Kd1 Rf5 50.Bg6 Re5 51.Kc2 Kb6
52.Kc3 Kc5 53.Bc2 a5 54.Bd3 Re6  0-1